| 000 | 00776nam a2200253Ia 4500 | ||
|---|---|---|---|
| 003 | OSt | ||
| 005 | 20220927112118.0 | ||
| 006 | a|||||r|||| 00| 0 | ||
| 007 | ta | ||
| 008 | 220926b |||||||| |||| 00| 0 eng d | ||
| 024 | _a109039 | ||
| 037 | _cReports | ||
| 040 |
_aRTL _cRTL _beng |
||
| 041 |
_2eng _aeng |
||
| 082 | _a"X9(M72):531.2.N34t, G5" | ||
| 110 |
_a"India, Government Of .... Tariff (Board)" _9383142 |
||
| 245 | 0 | _aReport on the woolentextile industry | |
| 260 |
_aDelhi _bManager Of Publciation India _c1935 |
||
| 300 |
_a120p. _ccm. |
||
| 650 |
_aWoolen Industry _9359021 |
||
| 700 |
_a"India, Government Of .... Tariff (Board)" _9383143 |
||
| 942 |
_h"X9(M72):531.2.N34t, G5" _cCC |
||
| 999 |
_c699822 _d699822 |
||